Old Dongola : development, heritage, archaeology : fieldwork in 2018-2019 /

"Old Dongola was the capital city of the Medieval Christian kingdom of Makuria (modern Sudan) from the early 6th to the 14th century. Although the royal court abandoned the city in 1364, it remained an important urban center with extensive residential quarters functioning on and around the cita...

Full description

Saved in:

Other Authors: Obłuski, Artur (Editor), Dzierzbicka, Dorota (Editor)

Format: Book

Language: English

Published: Leuven ; Bristol, CT : Peeters, 2021-

Series: Polish publications in Mediterranean archaeology ; 6

Subjects:

Tags: Add Tag

No Tags, Be the first to tag this record!

Call Number: DT154.8 .O43

LEADER 03471nam a22004697a 4500
003 OSt
005 20260504080045.0
008 260504m20229999be a b 000 0 eng d
010 |a  2022435595 
020 |a 9789042945401  |q (volume 1 ;  |q paperback) 
020 |a 9042945400  |q (volume 1 ;  |q paperback) 
020 |a 9789042948020  |q (volume 2 ;  |q paperback) 
020 |a 9042948027  |q (volume 2 ;  |q paperback) 
035 |a 23120615 
035 |a (OCoLC)1298547002 
040 |a ERASA  |b eng  |c ERASA  |e rda  |d ZCU  |d YDX  |d OCLCQ  |d QGK  |d JPG  |d DLC 
042 |a lccopycat 
043 |a f-sj--- 
050 1 4 |a DT154.8  |b .O43 
082 0 4 |a 962.4  |2 23 
245 0 0 |a Old Dongola :  |b development, heritage, archaeology : fieldwork in 2018-2019 /  |c edited by Artur Obłuski and Dorota Dzierzbicka. 
264 1 |a Leuven ;  |a Bristol, CT :  |b Peeters,  |c 2021- 
300 |a 2 volumes :  |b illustrations ;  |c 30 cm. 
336 |a text  |b txt  |2 rdacontent 
336 |a still image  |b sti  |2 rdacontent 
337 |a unmediated  |b n  |2 rdamedia 
338 |a volume  |b nc  |2 rdacarrier 
490 0 |a Polish publications in Mediterranean archaeology ;  |v 6 
504 |a Includes bibliographical references. 
505 1 |a Volume 1. Excavations -- Volume 2. Material studies. 
520 8 |a "Old Dongola was the capital city of the Medieval Christian kingdom of Makuria (modern Sudan) from the early 6th to the 14th century. Although the royal court abandoned the city in 1364, it remained an important urban center with extensive residential quarters functioning on and around the citadel hill until the end of the 19th century. An archaeological expedition from the Polish Centre of Mediterranean Archaeology, University of Warsaw, has been working at Old Dongola since 1964. A new project, "UMMA. Urban Metamorphosis of the community of a Medieval African capital city", funded by the European Research Council, was launched in 2018. UMMA (Arab. for 'community') is a multidisciplinary project conceived of as the first study of the liminal phases of the Christian African community inhabiting Old Dongola and the emergence of a Muslim city-state organized along different social and religious paradigms. The project investigates the impact that the weakening of the central authority and migrations of Arab tribes had on the kingdom's capital city and its community and seeks to trace patterns of continuity and change on a household level. It is one of the few excavation projects in Sudan systematically conducted on a deep-stratified urban site spanning the Funj period (16th-18th centuries). This volume is a report from the first, four-month season of fieldwork, which unearthed over 20 residential compounds located within and outside the city walls. The research provides new data on building techniques and organization of space in the city."--  |c Provided by vendor. 
650 0 |a Excavations (Archaeology)  |z Sudan  |z Dunqulah. 
650 7 |a Excavations (Archaeology)  |x Antiquities  |2 fast  |0 (OCoLC)fst00917565 
651 0 |a Dunqulah (Sudan)  |x Antiquities. 
651 7 |a Sudan  |z Dunqulah  |2 fast  |0 (OCoLC)fst01229129 
700 1 |a Obłuski, Artur,  |e editor. 
700 1 |a Dzierzbicka, Dorota,  |e editor. 
710 2 |a Uniwersytet Warszawski.  |b Centrum Archeologii Śródziemnomorskiej im. Kazimierza Michałowskiego,  |e issuing body. 
906 |a 7  |b cbc  |c copycat  |d 2  |e ncip  |f 20  |g y-gencatlg 
942 |2 lcc  |c BK 
955 |b rf06 2023-05-09 z-processor  |i rf06 2023-05-12 (OT) vol. 2 to PresSrvs 
999 |c 62217  |d 62217